| 000 | 00756nam a22001695i 4500 | ||
|---|---|---|---|
| 001 | 158939 | ||
| 003 | ES-MaACL | ||
| 005 | 20230906211401.0 | ||
| 008 | 960416s1876 sp |||| | spa d | ||
| 040 |
_aCYL _bspa _cCYL |
||
| 100 | 1 |
_aMartínez Alcubilla, Indalecio. _9129616 |
|
| 245 | 1 | 0 |
_aGuía moral de la juventud en materia penal _b: arreglada al código y especialmente al libro tercero que trata de las faltas, reflexiones, axiomas y ejemplos morales ... / _cpor Indalecio Martínez Alcubilla. |
| 250 | _a2º ed. corr. y aum. | ||
| 260 |
_aMadrid : _b[s.n.], _c1876 ( _fImp. y Fundición de Manuel Tello) |
||
| 300 |
_a256 p. ; _c16 cm. |
||
| 852 |
_aES-MaACL _jT-293-F-5 _z-- Enc. hol. _q-- Falto de la cub. original _z-- Enc. en un vol. facticio |
||
| 999 |
_c158939 _d158939 |
||